000
00319nam a2200121Ia 4500
005
20251222154411.0
008
251222s9999||||xx |||||||||||||| ||spa||
082
_a
352.3/B79
100
_a
Boza Dibos, Beatriz
245
0
_a
Manual de Buenas Prácticas Gubernamentales 2006
264
_b
Cuidadanos al Día
942
_c
LIB
999
_c
35667
_d
35667